000 00249cam a22000977a 4500
008 180718b1959 xxu||||| |||| 00| 0 eng d
082 _aL28x54 In2g
245 _aIndian customs tariff guide
260 _aDelhi
_bGovernment Press
_c1959
300 _a317p.
999 _c429435
_d429435